Matilde y Malek-Adhel (Record no. 171305)

MARC details
000 -LEADER
campo de control de longitud fija 00942nam a22002055i 4500
001 - NÚMERO DE CONTROL
campo de control 171305
003 - IDENTIFICADOR DE NÚMERO DE CONTROL
campo de control ES-MaACL
005 - FECHA Y HORA DE LA ÚLTIMA TRANSACCIÓN
campo de control 20250616063044.0
008 - DATOS DE LONGITUD FIJA--INFORMACIÓN GENERAL
campo de control de longitud fija 090508s1863 sp |||| | spa d
100 0# - ENTRADA PRINCIPAL--NOMBRE DE PERSONA
Nombre de persona Frontaura, Carlos,
Fechas asociadas al nombre 1834-1910
9 (RLIN) 52739
245 10 - MENCIÓN DEL TÍTULO
Título Matilde y Malek-Adhel
Resto del título : zarzuela en tres actos /
Mención de responsabilidad, etc. de Carlos Frontaura ; música de Joaquín Gaztambide y Cristóbal Oudrid.
260 ## - PUBLICACIÓN, DISTRIBUCIÓN, ETC.
Lugar de publicación, distribución, etc. Madrid :
Nombre del editor, distribuidor, etc. [s.n.],
Fecha de publicación, distribución, etc. 1863 (
Fabricante Imp. de José Rodríguez)
300 ## - DESCRIPCIÓN FÍSICA
Extensión 100 p. ;
Dimensiones 18 cm.
500 ## - NOTA GENERAL
Nota general En port.: Representada por primera vez en Madrid, en el teatro de la Zarzuela, en Marzo de 1863.
500 ## - NOTA GENERAL
Nota general Solo la letra.
700 1# - ENTRADA AGREGADA--NOMBRE PERSONAL
Nombre de persona Gaztambide, Joaquín.
9 (RLIN) 56168
700 0# - ENTRADA AGREGADA--NOMBRE PERSONAL
Nombre de persona Oudrid, Cristóbal.
9 (RLIN) 87969
852 ## - LOCALIZACIÓN
Ubicación ES-MaACL
Número de control de estantería F-8600(2)
Nota libre .- Enc. pasta española
condición física - Falto de la cub. original
Nota libre - Enc. en un vol. facticio formando parte de la col. facticia "Teatro español moderno", vol. 53
Holdings
Estatus retirado Estado de pérdida Estado de daño No para préstamo Colección Biblioteca de origen Biblioteca actual Ubicación en estantería Fecha de adquisición Fuente de adquisición Total de préstamos Signatura topográfica completa Código de barras Visto por última vez Precio de reemplazo Tipo de ítem Koha
        Libros del s. XIX Biblioteca del Ateneo de Madrid Biblioteca del Ateneo de Madrid Sala Pecera Planta 2 08/05/2009     F-8600(2) 1179774 23/02/2023 23/02/2023 Libro impreso antiguo